Praktisches Lehrbuch Statistik Anwendungsorientierte Einführung in die Betriebsstatistik

Na minha lista:
Detalhes bibliográficos
Formato: Livro
Idioma:alemão
Publicado em: Landsberg am Lech Moderne Industrie 1992
Edição:4. überarb. Aufl.
Assuntos:
Tags: Adicionar Tag
Sem tags, seja o primeiro a adicionar uma tag!

MARC

LEADER 00000nam a2200000 4500
001 c010223
005 20221206083503.7
020 |a 3-478-39734-0 
041 0 |a ger 
044 |a DE 
245 1 0 |a Praktisches Lehrbuch Statistik  |b Anwendungsorientierte Einführung in die Betriebsstatistik 
250 |a 4. überarb. Aufl. 
264 1 |a Landsberg am Lech  |b Moderne Industrie  |c 1992 
300 |a 326 s. 
610 2 0 |a štatistika podniková 
610 2 0 |a štatistika 
610 2 0 |a štatistika matematická 
610 2 0 |a metódy štatistické 
610 2 0 |a teória pravdepodobnosti 
610 2 0 |a korelácia 
610 2 0 |a regresia 
610 2 0 |a testy